000 01184nam a2200301 i 4500
001 179683
003 ES-MaACL
005 20251003152517.0
008 120111s2010 ep a | |||||||| | spa d
020 _a978-84-8489-514-5 (Iberamericana)
020 _a978-3-86527-564-6 (Vervuert)
080 _a929 Lluch Garín, Felipe
080 _a792(460)"19"
080 _a7:32(460)"19"
100 1 _aGarcía Ruiz, Víctor.
_955244
245 1 0 _aTeatro y fascismo en España :
_bel itinerario de Felipe Lluch /
_cVíctor García Ruiz.
260 _aMadrid :
_bIberoamericana ;
_aFrankfurt am Main :
_bVervuert,
_cD.L. 2010.
300 _a412 p. :
_bil. ;
_c23 cm.
490 1 _aLa casa de la riqueza : estudios de cultura de España ;
_v17
504 _aBibliografía: p. [381]-400. Índice.
600 1 7 _aLluch Garín, Felipe,
_d1906-1941
_2
_9148968
650 0 4 _aTeatro-
_zEspaña-
_yS.XX.
_917307
650 7 _aArte y política-
_zEspaña
_9157049
830 0 _aLa casa de la riqueza : estudios de cultura de España ;
_v17
_9188924
852 _aES-MaACL
_jA-11884
_9186582
_bR.146690
_cDEPO1
_dOlim: N-4889
942 _2udc
_cMONOGRAFIA
999 _c179683
_d179683